Statistics for NBA All-Time Leaders Quiz

Click here to take the quiz!

General Stats

  • This quiz has been taken 172,353 times
    (9,580 since last reset)
  • The average score is 24 of 50

Answer Stats

Player % Correct
LeBron James
98%
Michael Jordan
96%
Kobe Bryant
94%
Kareem Abdul-Jabbar
92%
Wilt Chamberlain
85%
Shaquille O'Neal
85%
Karl Malone
83%
Moses Malone
82%
Magic Johnson
82%
John Stockton
80%
Hakeem Olajuwon
73%
Dirk Nowitzki
69%
Tim Duncan
69%
Bill Russell
69%
Scottie Pippen
68%
Steve Nash
68%
Jason Kidd
61%
David Robinson
57%
Allen Iverson
56%
Chris Paul
54%
Dikembe Mutombo
51%
Kevin Garnett
50%
Patrick Ewing
49%
Isiah Thomas
47%
Oscar Robertson
47%
Alvin Robertson
45%
Carmelo Anthony
44%
Russell Westbrook
44%
Dwight Howard
43%
Gary Payton
41%
Clyde Drexler
34%
Andre Miller
33%
Robert Parish
29%
Rajon Rondo
29%
Dominique Wilkins
28%
Mark Jackson
28%
Ben Wallace
27%
Alonzo Mourning
25%
Wes Unseld
22%
Elvin Hayes
22%
Mark Eaton
22%
Shawn Bradley
15%
Maurice Cheeks
13%
Nate Thurmond
11%
Marcus Camby
10%
Tree Rollins
9%
Mookie Blaylock
9%
Walt Bellamy
9%
Derek Harper
9%
Rod Strickland
8%

Score Distribution

Percentile by Number Answered

Percent of People with Each Score

Your Score History

You have not taken this quiz since the last reset